000 00684cam a2200229 a 4500
001 000018135
005 20240422104515.0
008 840402s1972 flu 000 f spa d
035 _a(DLC)unk83078059
040 _aDO-SdBNP
_bspa
_cCarP
_dDLC
_dBNPHU
082 _aCh863.4
_bB142p
100 1 _aBaeza Flores, Alberto,
_d1914-1998
_97565
245 1 0 _aPorqué allí no habra noche /
_cAlberto Baeza Flores.
260 _aMiami :
_bUniversal,
_c1972.
300 _a217 p. ;
_c22 cm.
490 1 _aCaniqui
650 4 _aNovela chilena
_93163
650 4 _aLiteratura chilena
_ySIGLO XX
_914677
830 0 _aCaniqui.
_922007
910 _aCatalogación por copia / LC
049 _aBNGR
999 _c17656
_d17656